EN LAS BODAS DE ORO DEL INSTITUTO DE CIENCIAS, Y EN LA INAGURACION DE SU NUEVO EDIFICIO /

Guardado en:
Detalles Bibliográficos
Autor principal: Acévez Araiza, Manuel (autor)
Formato: Libro
Temas:
Etiquetas: Agrega una etiqueta
Sin etiquetas, Sé el primero en etiquetar este registro!

MARC

LEADER 00000nam^a2200000^a^4500
001 000236631
005 20250521000000.0
009 20260310104904.521
035 |a 055986 
037 |a Acervo Xavier Clavigero 
082 |a 255. 5303  |b ACE 
100 |a Acévez Araiza, Manuel  |e (autor) 
245 1 0 |a EN LAS BODAS DE ORO DEL INSTITUTO DE CIENCIAS, Y EN LA INAGURACION DE SU NUEVO EDIFICIO /  |c MANUEL ACEVES, S.J 
264 |a Guadalajara, México :  |b TALLERES RADIO,  |c 1956 
300 |a 22 p. 
336 |a texto  |b txt  |2 rdacontenido 
337 |a sin mediación  |b n  |2 rdamedio 
338 |a volumen  |b nc  |2 rdasoporte 
649 |a XX 
650 |a Jesuitas en la Educación 
910 |a Fondo General 
920 |a Impresos - Libros 
930 |a Colección General 
905 |a 101 
901 |a 055986  |b IT1  |c ACC  |i 055986  |u 20250521 
902 |a https://opac.biblio.iteso.mx/vufind/Record/000236631